000 03202nam0a22003251 4500
001 v19\rc\1766175
005 20260406085355.0
035 _a(NLR Aleph) 005249650
090 _a5790423
_c5790423
100 _a20061204d1903 |||y0rusy50 ca
101 1 _arus
_cmul
102 _aRU
105 _aa z |||a|
200 1 _aВеселый праздник
_eРассказы иностр. писателей для детей шк. возраста
_fСост. Н. Покровский
_gС рис. П.Ф. Яковлева
210 _aМосква
_cтипо-лит. т-ва И.Н. Кушнерев и К°
_d1903
215 _a64, [1] с.
_cил.
_d21
327 1 _aСодерж.: 1. Накануне рождества (из рассказа "Пропажа маленького Рауля", пер. З. Журавской) / Фр. Коппе. 2. Рождественский обед и елка (из рассказа "Рождественские дети") / Мисс Брэддон. 3. Рождественский подарок / [Соч.] Андерсена. 4. День рождества Христова в семействе Кратчит / [Соч.] Ч. Диккенса
464 0 _12001#$aНакануне рождества$eИз рассказа "Пропажа маленького Рауля", пер. З. Журавской$fФр. Коппе
_1700#1$3RU\NLR\AUTH\7753439$7ca$aКоппе$bФ.$f1842-1908$gФрансуа
_1702#1$3RU\NLR\AUTH\77100315$7ca$aЖуравская$bЗ. Н.$f1867-1937$gЗинаида Николаевна$4730
_tНакануне рождества
_aКоппе, Франсуа (1842-1908)
464 0 _12001#$aРождественский обед и елка (из рассказа "Рождественские дети")$fМисс Брэддон
_1700#1$3RU\NLR\AUTH\7748466$7ca$aБрэддон$bМ. Э.$f1835-1915$gМэри Элизабет
_tРождественский обед и елка (из рассказа "Рождественские дети")
_aБрэддон, Мэри Элизабет (1835-1915)
464 0 _12001#$aРождественский подарок$fСоч. Андерсена
_1700#1$3RU\NLR\AUTH\772165$7ca$aАндерсен$bХ. К.$f1805-1875$gХанс Кристиан
_tРождественский подарок
_aАндерсен, Ханс Кристиан (1805-1875)
464 0 _12001#$aДень рождества Христова в семействе Кратчит$fСоч. Ч. Диккенса
_1700#1$3RU\NLR\AUTH\7713978$7ca$aДиккенс$bЧ.$f1812-1870$gЧарлз
_tДень рождества Христова в семействе Кратчит
_aДиккенс, Чарлз (1812-1870)
700 1 _4220
_8rus
_7ca
_aПокровский
_bН. А.
_cписатель
_gНиколай Алексеевич
_3RU\NLR\AUTH\7750862
_933796
702 1 _4440
_8rus
_7ca
_aЯковлев
_bП. Ф.
_cхудожник
_f1853-1921
_gПавел Филиппович
_3RU\NLR\AUTH\7754954
_937886
801 0 _aRU
_bNLR
_c20061204
_gpsbo
801 0 _aRU
_bRuMoRGB
_c20061204
_2psbo
801 1 _aRU
_bProSoft-M
_c20061204
_2rusmarc
801 2 _aRU
_bNLR
_c20120403
_2rusmarc
852 _aNLR
_j34.52.4.916
942 _cBOOK
980 _aNB